| 000 | 00480nam a22001691c 4500 | ||
|---|---|---|---|
| 001 | a987687293 | ||
| 008 | 051108s1991 gw |||| 000u eng d | ||
| 020 |
_a0195068793 _90-19-506879-3 |
||
| 041 | _aeng | ||
| 100 | 1 | _aBartov, Omer | |
| 245 | 0 | 0 |
_aHitler's army : _bsoldiers, Nazis, and war in the Third Reich / _cOmer Bartov |
| 264 |
_aNew York : _bOxford University Press, _c1991 |
||
| 300 | _axiv, 238 p. ; 26 cm | ||
| 942 | _cMG | ||
| 040 | _cRU-10907106 | ||
| 003 | RU-10907106 | ||
| 999 |
_c11082 _d11082 |
||